000
00509nam a2200169Ia 4500
008
090711s9999 xx 000 0 und d
082
_b
51142
100
_a
खाडीलकर उषा
245
_a
कविता काजळलेली
260
_c
1985
300
_a
180
600
_a
खाडीलकर उषा
630
_a
कविता काजळलेली
700
_a
खाडीलकर उषा
730
_a
कविता काजळलेली
942
_c
BOOK
999
_c
301524
_d
301524